000 00255nam a22001097a 4500
008 170123b xxu||||| |||| 00| 0 eng d
020 _a9780803617544
041 _aeng
080 _a618.2
245 _aMATERNAL-NEWBORN NURSING
_cCHAPMAN, L
942 _2udc
_cBK
999 _c3382
_d3382